Marxisme et philosophie

Сохранить в:
Библиографические подробности
Главный автор: Korsch, Karl (autor)
Формат:
Язык:французский
Опубликовано: París De Minuit 1964
Серии:Arguments, 24
Предметы:
Метки: Добавить метку
Нет меток, Требуется 1-ая метка записи!

MARC

LEADER 00000nam a2200000 a 4500
001 UCZ4664
003 CL-VaPUC
008 951110e19640000FR |||||||||||||||||fre|d
082 0 4 |a 335.4  |b KOR  |2 21 
100 |a Korsch, Karl  |e autor  |9 348674 
245 1 0 |a Marxisme et philosophie  
300 |a 187 p 
942 |c BK 
945 |d 19951110 00:00:00  |a lriquelm 
260 |a París  |b De Minuit  |c 1964 
650 0 |a Comunismo  |9 255588 
650 0 |a Ideologías  |9 255200 
650 0 |a Doctrinas políticas  |9 255835 
650 7 |a FILOSOFIA POLITICA  |2 CL-VaPUC  |9 348675 
583 |a last modification  |c 19951110 00:00:00  |k Rodrigo Vera 
490 0 |a Arguments, 24 
999 |c 241032  |d 241030 
952 |0 0  |1 0  |4 0  |6 335_400000000000000_KOR_1964  |7 0  |8 P  |9 253175  |a BIBEDU  |b BIBEDU  |c BIBEDU_PB  |d 2019-11-19  |i 1597027  |o 335.4 KOR 1964  |p 1597027  |r 2024-01-25  |w 2019-11-19  |y BK  |k FIL 
952 |0 0  |1 0  |4 0  |6 335_400000000000000_KOR_1964  |7 0  |8 P  |9 253176  |a BIBEDU  |b BIBEDU  |c BIBEDU_PB  |d 2019-11-19  |i 1597035  |o 335.4 KOR 1964  |p 1597035  |r 2024-01-25  |w 2019-11-19  |y BK  |k FIL